[Event "EU-Cup 18th"]
[Site "Kallithea"]
[Date "2002.09.24"]
[Round "3.5"]
[White "Nataf, Igor Alexandre"]
[Black "Mitkov, Nikola"]
[Result "1-0"]
[WhiteElo "2560"]
[BlackElo "2493"]
[Annotator "Postny,E"]
[PlyCount "157"]
[EventDate "2002.09.22"]
[EventType "team-swiss"]
[EventRounds "7"]
[EventCountry "GRE"]
[SourceTitle "CBM 092"]
[Source "ChessBase"]
[SourceDate "2003.02.06"]
[SourceVersion "1"]
[SourceVersionDate "2003.02.06"]
[SourceQuality "1"]
[WhiteTeam "Paris NAO"]
[BlackTeam "Skopje Kisela Voda"]
[WhiteTeamCountry "FRA"]
[BlackTeamCountry "MKD"]

1. e4 e5 2. Nf3 Nc6 3. d4 exd4 4. Nxd4 Bc5 5. Nxc6 Qf6 6. Qd2 dxc6 7. Nc3 Bd4 {
This variation gained popularity in recent years.} 8. Bd3 {This is the main
line.} (8. Bc4 {- see the commented game Kasimdzhanov,R-Tkachiev,V/Delhi 2000/
CBM 81 [Postny]}) 8... Ne7 9. O-O Ng6 10. Kh1 {[%cal Gf2f4]} Ne5 11. Be2 ({
White achieves only equality after} 11. f4 Ng4 {- see the commented game Ni
Hua-Krasenkow,M/Tan Chin Nam Cup 2001/CBM 85 [Postny]}) 11... Ng4 12. Nd1 Qd6
$5 {This is a fresh idea in this popular position. At the moment it looks
quite reasonable for black. The alternatives are:} (12... Be6 {- Nataf,
I-Bologan,V/FIDE Wch 2001/CBM 86 [Postny]}) ({and} 12... O-O {which is the
main line. For example see the commented game Rublevsky,S-Peng,X/CHN-RUS
Summit 2001/CBM 85 [Postny]}) 13. Bxg4 $146 {This looks like the only way for
white to fight for the advantage, since 13.g3 does not look too healthy and 13.
f4 leads to an immediate draw.} (13. f4 Nxh2 $1 14. Kxh2 Qh6+ 15. Kg3 Qg6+ 16.
Kh2 Qh6+ {1/2-1/2 Rublevsky,S-Onischuk,A/3rd Karpov It, Poikovsky 2002 (16)})
13... Bxg4 14. Qg5 Be2 $6 {Since black's king is still in the centre, it's
hard to believe, that such activity can be in his favour.} ({Safe enough is} 
14... Qg6 $11) 15. Re1 Bxd1 $2 {This move releases the pressure from the
position, and gives white clear edge.} (15... Bf6 $6 16. Qf5 g6 (16... Bxd1 17.
e5 Qe7 18. Bd2 $16) 17. Qh3 Bxd1 18. e5 $1 $16) ({The most reasonable for
black is probably:} 15... h6 16. Qf5 (16. Qd2 $2 Bxd1 17. Rxd1 Bxf2 $1 18. Qe2
Qc5 $15) 16... Bc4 (16... g6 17. Qh3) 17. Bf4 Qe7 {White has a preferable
position, but he has no reason to claim clear edge.}) 16. Rxd1 Qc5 17. Qxc5
Bxc5 18. f3 {[%mdl 16] A classical position arised. White enjoys a pawn
majority on the kingside, which determines his clear advantage. I believe,
that black's position can be saved, but the defence is quite tough and
unpleasant.} Ke7 19. Bf4 Bd6 20. Be3 Rhd8 21. Kg1 f6 (21... Ke6 $5 {[%cal
Yf7f5]}) 22. Kf2 a5 23. f4 $6 ({I think, that} 23. a4 {would be useful for
white, since it prevents further advance of the black pawns, which might give
him a counterplay.}) 23... a4 $1 24. Rd3 Kf7 25. Kf3 Re8 $6 (25... b5 {
preventing the c2-c4 advance.}) 26. c4 $1 {White is threatening c4-c5
following by the penetration to 7th rank, therefore black has to make a
concession and weaken the d5 square.} c5 27. Rd5 b6 28. Bf2 Red8 29. Rad1 Ke8
30. Bg3 {Black is totally squeezed.} Be7 31. f5 $6 {A serious inaccuracy.} (31.
Rxd8+ Rxd8 (31... Bxd8 32. f5 Ra7 33. e5 fxe5 34. Bxe5 $18) 32. Rxd8+ Kxd8 33.
f5 (33. e5 $2 f5) 33... Bd6 34. e5 fxe5 35. Ke4 {and it does not seems, that
black can save this endgame.}) 31... Rxd5 32. Rxd5 c6 33. Rd3 Ra7 $1 {Black's
R is going to b7, where it can support the b6-b5 counteradvance.} 34. e5 fxe5
35. Bxe5 Kf7 36. Ke4 b5 {It's clear, that white did not get maximum out of
this endgame. Black has reasonable drawing chances.} 37. g4 Rb7 (37... bxc4 $5
38. Rc3 Bf6 39. Bxf6 Kxf6 40. Rxc4 Rb7 41. Rxa4 Rxb2 {with good drawing
chances.}) 38. Rh3 h6 $2 {Wasting a crucial tempo.} ({Black must play for the
quick counterplay by:} 38... bxc4 $1 39. Rxh7 Bf6 40. g5 $1 Bxe5 41. Kxe5 Kg8 {
with a good drawing chances.} ({but not} 41... a3 $2 42. bxa3 Rd7 43. f6 Rd5+ (
43... c3 44. Rxg7+ Ke8 45. Ke6 $18) 44. Ke4 c3 45. Rxg7+ Ke6 (45... Kf8 46. g6
c2 47. Rh7 $18) 46. Re7+ Kd6 47. Re8 c2 48. f7 Rd4+ 49. Kf5 Rf4+ 50. Kxf4 c1=Q+
51. Kf5 $18)) 39. cxb5 $1 cxb5 40. Kd5 {The white K penetrates black's
position with devastating consequnces.} Rd7+ $6 {Black goes for the active
counterplay, but fails. Probably the passive defence should have been prefered
in this particular case.} (40... b4 41. Kc6 Ra7 42. Kb5 a3 43. bxa3 bxa3 {
Black's position is bad, but probably it can be hold for a draw.}) 41. Kc6 Rd2
42. Bc3 Rg2 43. Kxb5 Bf6 (43... Rxg4 44. Rg3 Rf4 ({The bishops endgame after} 
44... Rxg3 45. hxg3 {is hopeless.}) 45. Rxg7+ Kf8 46. Rh7 $18) 44. Kxa4 Bxc3
45. bxc3 Rxa2+ (45... Rxg4+ 46. Kb5 Rf4 47. a4 $18 {[%csl Ga4]}) 46. Kb5 Rg2
47. Rh4 {In order to prevent black's counterplay on the kingside white must
put his rook in this awkward position.} (47. Rg3 $2 Rxh2 (47... Rxg3 $2 48.
hxg3 Kf6 49. Kxc5 Kg5 50. Kd4 {and white's pawn queens first.}) 48. Kxc5 h5 {
and black gets the counterplay.}) 47... Kf6 {[%cal Gf6g5]} 48. h3 Re2 49. Kxc5
Re8 $1 {The white R is in a confusing position, this makes white's winning
process far from easy.} 50. c4 Ke5 51. Kb4 Rb8+ 52. Kc3 Rb1 53. Rh5 Rc1+ 54.
Kb3 $2 {The white king goes the wrong way.} (54. Kd3 $1 Rd1+ 55. Kc2 Rg1 {
leads to the position, which arised in the game.}) 54... Rb1+ $2 {Missing the
chance to save the game.} (54... Kd4 $1 55. Rh4 (55. f6 Rc3+ 56. Kb2 gxf6 57.
Rxh6 Rf3 $11) 55... Rc3+ 56. Kb2 Kd3 $1 57. f6 gxf6 58. Rxh6 Kxc4 $11) 55. Kc2
Rg1 ({A bit more stubborn was:} 55... Rf1 $1 56. Kd2 $1 (56. c5 $2 Kd4 57. c6
Rf3 {Comparing to the game white can not play f5-f6 now, and therefore is
losing a tempo.} 58. Rh4 (58. Kd2 Rf2+ 59. Ke1 Rc2 60. f6 gxf6 61. Rxh6 Rxc6
62. g5 Rc1+ 63. Kd2 Rg1 $11) 58... Rc3+ 59. Kd2 Rxc6 60. f6 gxf6 61. g5+ Ke5
62. g6 f5 63. Rxh6 Ra6 {and black's counterplay is sufficient for a draw.})
56... Kd4 (56... Rf3 57. c5 Kd4 58. Ke2 $18) 57. Ke2 Rf4 58. c5 Re4+ 59. Kf3
Re3+ 60. Kf2 $18) 56. c5 Kd4 (56... Rg3 57. f6+ $1 Kxf6 58. c6 Re3 (58... Ke7
59. Rd5 $18) 59. c7 Re8 60. Rc5 Rc8 61. Kd3 $18) 57. c6 Rg3 58. f6 Rc3+ 59. Kd2
gxf6 60. Rxh6 Rxc6 61. g5 Ra6 (61... Ke5 62. g6 Rc8 63. h4 $18) 62. Rxf6 Ra2+
63. Ke1 Rg2 64. Rf4+ Ke5 65. Rg4 Rxg4 $6 {Black is losing anyway, but it's
always more chances to survive in rooks endgame.} 66. hxg4 Ke6 67. Kf2 Kf7 68.
Ke3 Kg7 69. Ke4 $1 {[%cal Ge4f5] The only square for white's K to win this
endgame.} Kg6 70. Kf4 Kf7 71. Kf5 Kg7 72. g6 Kh6 73. g7 $1 {The last precise
move in this game.} Kxg7 74. Kg5 Kh7 75. Kf6 Kh6 76. g5+ Kh7 77. Kf7 Kh8 78.
Kg6 Kg8 79. Kh6 1-0

[Event "EU-ch 6th"]
[Site "Warsaw"]
[Date "2005.06.21"]
[Round "4"]
[White "Rublevsky, Sergei"]
[Black "Popov, Valerij"]
[Result "1-0"]
[WhiteElo "2645"]
[BlackElo "2568"]
[Annotator "Postny,E"]
[PlyCount "115"]
[EventDate "2005.06.18"]
[EventType "swiss"]
[EventRounds "13"]
[EventCountry "POL"]
[SourceTitle "CBM 108"]
[Source "ChessBase"]
[SourceDate "2005.09.26"]
[SourceVersion "1"]
[SourceVersionDate "2005.09.26"]
[SourceQuality "1"]

1. e4 e5 2. Nf3 Nc6 3. d4 exd4 4. Nxd4 Bc5 5. Be3 Qf6 6. c3 Nge7 7. Bc4 Ne5 8.
Be2 d5 ({The main line is} 8... Qg6) 9. O-O O-O (9... dxe4 $6 10. Nb5 Bd6 (
10... Qb6 $2 11. Bxc5 Qxc5 12. Qd4 Qxd4 13. cxd4 $18 {[%csl Rc7,Re5]}) 11. Bc5
O-O 12. Nxd6 cxd6 13. Qxd6 Qxd6 14. Bxd6 N5g6 $14 {1/2-1/2 Kummerow,
H-Ziatdinov,R/Biel 1992 (35)}) 10. f4 (10. Nd2 Bb6 11. f4 Qh6 12. Kh1 N5c6 (
12... dxe4 13. Nxe4 N5c6 14. Nxc6 Qxc6 15. Bxb6 Qxb6 16. Bc4 Be6 17. Bxe6 Qxe6
$11 {1/2-1/2 Gashimov,V-Azarov,S/Minsk 2000 (39)}) 13. Nxc6 bxc6 14. Bg1 dxe4
15. Nxe4 Nf5 16. Bd3 Bxg1 17. Rxg1 Qxf4 18. Rf1 Qh6 19. Qf3 $44 {0-1 Amonatov,
F-Yemelin,V/Dagomys 2005 (35)}) 10... N5c6 (10... Nc4 $6 11. Bxc4 dxc4 12. Nd2
b5 13. Qh5 Bb6 14. Qxb5 Ba6 15. Qa4 Rfe8 16. e5 Qh6 17. Nxc4 $18 {1-0 Najer,
E-Kantsler,B/Jerusalem 2005 (30)}) 11. e5 Qh4 (11... Qg6 {- Azmaiparashvili,
Z-Sokolov,I/Dos Hermanas 2001/CBM 83 [Postny,E]}) 12. Qd2 $146 (12. g3 Qh3 13.
Bf2 Qh6 14. Nd2 Bh3 15. Re1 f6 16. exf6 Qxf6 17. N2f3 Nxd4 18. Nxd4 Nc6 19. Bf3
Rad8 20. Qd2 Nxd4 21. Bxd4 {1/2-1/2 Thorhallsson,T-Svidler,P/Gausdal 1991}) (
12. Bf2 Bxd4 (12... Qh6 13. Nb5 Bxf2+ 14. Rxf2 Bf5 15. Nxc7 Rad8 16. Nb5 f6 17.
exf6 Qxf6 18. Nd2 a6 19. Na3 d4 $44 {1/2-1/2 Kosteniuk,A-Zaiatz,E/Samara 2005 
(53)}) 13. Bxd4 Nf5 14. Na3 Ncxd4 15. cxd4 Qe7 16. Nc2 c5 17. g4 Nxd4 18. Nxd4
cxd4 19. Qxd4 $14 {1/2-1/2 Lyell,M-Berzinsh,R/Coventry 2004 (32)}) 12... Bg4 {
The main fight here is around the white's central pawns chain. Black is trying
to exchange relevant pieces and set a blockade.} 13. Bd3 a6 $6 {Covering b5
square, but this looks too slow. The critical continuation was the immediate
13...f6.} (13... f6 14. Nxc6 Bxe3+ 15. Qxe3 Nxc6 16. h3 Bc8 17. Nd2 (17. Qc5
Bxh3 $1) (17. e6 $6 f5 {[%csl Re6]}) 17... fxe5 18. fxe5 Be6 $11) 14. Nxc6
Bxe3+ 15. Qxe3 Nxc6 16. Nd2 $14 Qe7 17. Rae1 {[%cal Gf4f5]} Rae8 18. Nb3 f6 19.
Qg3 f5 $6 {Popov probably got concerned about some variations and decided to
close the position. However, the move in the text looks rather inconsequent.} (
19... Bc8 20. Qh4 h6 21. exf6 Qxf6 22. Qxf6 gxf6 {and black is only slightly
worse.}) 20. Qf2 $16 {White is now clearly better mainly thanks to a strong
defended passed pawn in the centre. Black's Bg4 is a bad one as well.} Bh5 21.
Nc5 Rb8 22. b4 Kh8 23. Rb1 Be8 24. Rfd1 {[%csl Rd5][%cal Gd3c2,Gc2b3]} g5 $5 {
A desperate attempt for a counterplay.} 25. Re1 gxf4 26. Qxf4 a5 27. e6 (27.
Bxf5 $2 axb4 28. cxb4 Bg6 29. g4 Qh4 $132) 27... Rf6 28. Bb5 b6 29. Na6 $1 Rc8
30. bxa5 bxa5 31. Bxc6 $1 {Eliminating the knight in order to occupy the dark
squares in the centre.} Bxc6 32. Qd4 $2 {This allows black to get back into
the game.} (32. Qe5 $1 {The same idea as after the move in text, but now the
Pe6 is protected.} Kg8 33. Nb8 $1 {It's easy to overlook this manoeuvre.} Ba8 (
33... Qc5+ 34. Re3 Be8 (34... f4 35. Nxc6 Qxe3+ 36. Qxe3 fxe3 37. Ne7+ $18) 35.
Nd7 Bxd7 36. exd7 $18) 34. Nd7 Rg6 35. Qxf5 $18) 32... Kg8 {[%csl Re6]} 33. Nc5
Rg6 34. Rb2 Rg4 35. Qf2 d4 36. Qxf5 Qg7 37. Qf7+ $6 {White does not take
maximum from the position.} (37. Ne4 Bxe4 38. Rxe4 Rxe4 39. Qxe4 dxc3 40. Rf2
Re8 41. Rf7 Qg6 42. Qxg6+ hxg6 43. Rxc7 Rxe6 44. Rxc3 $16) 37... Qxf7 38. exf7+
Kxf7 39. Nd3 {[%csl Rc6,Rf7,Rg4][%cal Gd3e5]} Kg7 40. Ne5 Re4 (40... Re8 41.
Rbe2 d3 (41... Rxe5 $6 42. Rxe5 Rxg2+ 43. Kf1 $16) 42. Nxd3 Rxe2 43. Rxe2 Bd5
$14) 41. Rbe2 Rxe2 42. Rxe2 d3 $1 {Strong intermediate move, which makes some
disharmony between white's pieces.} 43. Rd2 (43. Nxd3 Bb5 44. Re3 Rd8 {with
sufficient compensation for a draw.}) 43... Bb5 44. Kf2 Kf6 45. Nxd3 Rd8 {
Black has sufficient compensation.} 46. Ke3 Re8+ 47. Kd4 Rd8+ 48. Ke4 Re8+ 49.
Kf3 Rd8 50. Ke3 (50. Nc5 $2 Bc6+ 51. Ke3 Rxd2 52. Kxd2 Bxg2 $11) 50... Re8+ 51.
Kf4 {The only way to avoid repetition, but now black gets an access to 2nd
rank.} Bxd3 (51... Rd8 $2 52. Nc5 Rxd2 53. Ne4+ Ke6 54. Nxd2 $18) 52. Rxd3 Re2
53. Kf3 Rxa2 54. Rd7 h5 55. Rxc7 a4 {White is a pawn up, but the endgame is
actually drawish.} 56. Rc6+ Kg5 $6 {Not a mistake yet, but a prelude...} ({
Safer would have been} 56... Kg7) {[%tqu "En","How should White continue?","",
"","h2h4","",5]} 57. h4+ $1 Kxh4 $4 {[%mdl 8192] Falling into the mating net.}
(57... Kf5 58. Rc5+ Kg6 59. Rg5+ Kh6 {is still drawish.}) 58. Rc5 $1 {[%csl
Rh4][%cal Rg2g3] This instructive example shows that even with such a reduced
material mating nets exist.} 1-0

[Event "New York Generation"]
[Site "New York"]
[Date "2003.04.28"]
[Round "5"]
[White "Ehlvest, Jaan"]
[Black "Christiansen, Larry Mark"]
[Result "1-0"]
[WhiteElo "2587"]
[BlackElo "2544"]
[Annotator "Postny,E"]
[PlyCount "65"]
[EventDate "2003.04.23"]
[EventType "tourn"]
[EventRounds "9"]
[EventCountry "USA"]
[EventCategory "10"]
[SourceTitle "CBM 095"]
[Source "ChessBase"]
[SourceDate "2003.07.25"]
[SourceVersion "1"]
[SourceVersionDate "2003.07.25"]
[SourceQuality "1"]

1. e4 e5 2. Nf3 Nc6 3. d4 exd4 4. Nxd4 Bb4+ 5. c3 Be7 6. Nf5 (6. Bc4 {- see
the encounter Rogovski,V-Savon,V/Ordzhonikidze 2001/CBM 86 [Postny]}) (6. Bd3 {
- see the commented game Areshchenko,A-Kupreichik,V/Governor's Cup 2001/CBM 86
[Postny]}) ({Also playable is} 6. Nxc6) (6. f4) (6. g3) 6... Bf6 7. Ne3 {
Good place for the knight, where it prevents black's possible d7-d5 thrust.} g6
{A logical continuation, which surprisingly enough did not appear in practice.
In other cases black's dark-squared bishop may be trapped for the exchange.} (
7... Nge7 8. Ng4 Ng6 9. Nxf6+ Qxf6 10. Be3 O-O 11. Nd2 d6 12. Qc2 Nge5 13. h3
Qg6 14. g4 $14 {1/2-1/2 Kulicov,O-Ovod,E/St Petersburg 2000/EXT 2001 (25)}) (
7... d6 8. Nd5 Be7 9. c4 Nf6 10. Nxe7 Qxe7 11. f3 O-O 12. Nc3 $14 {1-0 Varavin,
V-Yandemirov,V/Nizhnij Novgorod 1999/EXT 2001 (28)}) 8. g3 Bg7 9. Bg2 Nf6 {
Both sides has lost several tempoes in the opening and the position is now
back to standart.} 10. O-O O-O 11. c4 {This is the most logical way to
continue the development.} d6 12. Nc3 Re8 13. Rb1 {[%csl Rb1,Gg7][%cal Gg7a1]
Moving the rook out of the a1-h8 diagonal.} a5 14. b3 Ng4 {A typical
simplification trick.} 15. Ncd5 (15. Nxg4 Bxg4 16. Qxg4 Bxc3 $11) 15... Nxe3
16. Bxe3 Nb4 $1 {The white strong knight trapped for the exchange. It can be
concluded, that black has solved the opening problems.} 17. Qd2 Nxd5 18. cxd5
Bd7 19. Rfd1 $1 {This move does not look very impressive, but it's a good
provocation for a simplification, that now follows...} c5 $2 {Black is
consequent, but this is what white was hoping for...} ({The right plan was} 
19... f5 {with an approximately equal chances.}) 20. dxc6 Bxc6 21. Qxd6 Qxd6
22. Rxd6 Bxe4 $6 {It's very hard to blame this obvious move, but considering
the continuation of the game, this is probably the last critical moment in
this encounter...} (22... a4 $1 {This move could give black better chances to
survive.}) 23. Bxe4 Rxe4 24. Rc1 {It looks like both players went for this
position. However, Ehlvest managed to understand this position deeper and
evaluate it correctly, while Christiansen has probably underestimated the
danger in this endgame.} Re7 (24... a4 25. Rd7 {[%csl Rb7,Gc1,Gd7,Rf7][%cal
Gc1c7]}) {[%tqu "En","Find the best move for white.","","","a2a4","Fixing the
a5 pawn as a weakness. It's very instructive, that this endgame is very tough
for black. White's rooks has occupied the open 'c' and 'd' files and black is
not able to defend both a5 pawn and 7th rank.",15]} 25. a4 $1 {[%csl Ra5][%mdl
4096] Fixing the a5 pawn as a weakness. It's very instructive, that this
endgame is very tough for black. White's rooks has occupied the open "c" and
"d" files and black is not able to defend both a5 pawn and 7th rank.} h5 (25...
Bb2 26. Rc2 Ba3 27. Rd5 Bb4 28. Bg5 $1 Re1+ 29. Kg2 Rb1 30. Rc7 $18 {[%csl Rb7,
Gc7,Gd5,Rf7,Rg8][%cal Gd5d7]}) 26. Rd5 Bf8 (26... Ra6 27. Rcc5 b6 28. Rc6 {
and black's queenside pawns are falling.}) 27. Bb6 Bh6 28. Rc7 $1 {The
quickest way to the victory.} Rxc7 29. Bxc7 {Black's queenside pawns are
doomed to fall.} Rc8 30. Bxa5 Rc1+ 31. Kg2 Rc2 32. Bb6 Bg7 33. Rd8+ {[%csl Ga4,
Rb7] The loss of b7 pawn is inevitable and after this white's "a" pawn is
unstoppable. Therefore black resigned.} 1-0

[Event "Poikovsky Karpov 04th"]
[Site "Poikovsky"]
[Date "2003.04.28"]
[Round "8"]
[White "Rublevsky, Sergei"]
[Black "Vescovi, Giovanni P"]
[Result "1-0"]
[WhiteElo "2670"]
[BlackElo "2615"]
[Annotator "Postny,E"]
[PlyCount "89"]
[EventDate "2003.04.20"]
[EventType "tourn"]
[EventRounds "9"]
[EventCountry "RUS"]
[EventCategory "16"]
[SourceTitle "CBM 095"]
[Source "ChessBase"]
[SourceDate "2003.07.25"]
[SourceVersion "1"]
[SourceVersionDate "2003.07.25"]
[SourceQuality "1"]

1. e4 e5 2. Nf3 Nc6 3. d4 exd4 4. Nxd4 Nf6 5. Nxc6 bxc6 6. e5 Qe7 7. Qe2 Nd5 8.
c4 Ba6 9. b3 g6 {The alternatives are: 9...Qh4, 9...0-0-0 and 9...g5 which is
the main line, preventing the f2-f4 advance.} 10. f4 Qb4+ {This move saw his
light in the game Gelfand-Karpov/Linares 1992/CBM 28.} (10... Bg7 11. Qf2 {
- see the commented game Tseshkovsky,V-Harikrishna,P/Hastings 78th 2002/CBM 93
[Postny]}) 11. Bd2 Qb6 (11... Nxf4 $4 12. Qe4 $18 {[%csl Rb4,Rf4]}) 12. Qf3 {
A rare move in this position, but a poisonous one. In the annotations to the
game Kasparov-Bacrot (see 12.Qe4), Kasparov wrote: "Since my match with Short 
(1993) I haven't decided yet what is better - 12.Qe4 or 12.Qf3".} (12. Qe4 f5
13. Qf3 Qd4 (13... Nb4 $5) 14. Nc3 Nxc3 15. Bxc3 Bb4 16. Rc1 Bxc3+ 17. Rxc3 Bb7
(17... O-O-O $6 18. c5 $1 $16 {Kasparov,G-Bacrot,E/Sarajevo 2000/CBM 77 
[Mikhalevski,V]}) 18. c5 d5 19. cxd6 cxd6 20. Qe3 dxe5 21. Qxe5+ Qxe5+ 22. fxe5
O-O-O $11 {1/2-1/2 Macieja,B-Vescovi,G/GMA, Bermuda 2003 (32)}) ({Another
possibility is} 12. Nc3 {- see the commented games Gelfand,B-Karpov,A/Linares
1992/CBM 28 [Dautov] and Hector,J-Olsen,H/Gentofte 1999/CBM 73 [Mikhalevski,V]}
) 12... Qd4 $6 {After this move black is landing in a worse endgame. This move
is more justified after 12.Qe4 f5 13.Qf3, because of inclusion of f5, which
gives black space in the forthcoming endgame. However after 12.Qf3 black
should better stay in the middlegame, where he can use at some moment the
f7-f6 advance. The critical line 12...Nb4 appeared only once and definitely
needs further investigation.} (12... Nb4 13. Kd1 Bb7 14. Nc3 c5 15. Nd5 Bg7 16.
Bxb4 cxb4 17. Kc2 Bxd5 18. cxd5 O-O $15 {1/2-1/2 Fontaine,R-Marciano,D/France
2002/CBM 88 ext (67)}) 13. Nc3 Nxc3 14. Qxc3 $1 (14. Bxc3 $6 Bb4 15. Rc1 Bxc3+
16. Rxc3 O-O-O $132) 14... c5 15. Bd3 Bb7 $1 $146 {This move is a slight
improvement. Nevertheless black's position remains unpleasant.} (15... Bg7 16.
Qxd4 cxd4 17. O-O O-O 18. Bb4 Rfe8 19. Be4 c6 20. Rfe1 $16 {1/2-1/2 Lautier,
J-Bacrot,E/Cannes 2002/CBM 88 (30) [Postny]}) 16. Qxd4 cxd4 17. O-O {White's
advantage is determined by the better pawn structure.} d6 18. Rae1 O-O-O 19. e6
$1 {This way white is activizing his rook and getting pawn majority on the
kingside as well.} fxe6 20. Rxe6 Bh6 $1 {Preventing f4-f5 advance.} (20... d5
$6 21. f5 {gives white big advantage.}) 21. Rfe1 Bc6 22. g3 Bd7 ({Can be
recommended for black} 22... Rde8 23. Kf2 (23. c5 $2 Rxe6 24. Rxe6 Kd7) 23...
Rxe6 24. Rxe6 Re8 $14) 23. R6e2 Bg7 $2 ({Now it was necessary} 23... Rde8) 24.
c5 $1 {[%mdl 16] An excellent move!} Bg4 ({Also bad for black is} 24... dxc5
25. Re7 Bf6 26. Ba6+ Kb8 27. Rf7 Rhf8 28. Rxh7 Bf5 29. Ba5 Rd7 30. Rxd7 Bxd7
31. Bd3 {and white should win the resulting endgame.}) 25. Re7 Bf6 26. Rf7 Rdf8
{Black must exchange the white active rook, but now he gets the position with
irreparable pawn defects.} 27. Rxf8+ Rxf8 28. cxd6 cxd6 29. Rc1+ Kb8 30. Bb4 {
Black's pieces will be now in total passivity.} Rd8 31. Rc6 Be7 32. Kf2 {
White is not in a hurry...} Kb7 33. Rc4 Bf6 (33... d5 34. Bxe7 dxc4 35. Be4+
Kc8 36. Bxd8 Kxd8 37. bxc4 $18) 34. Ba5 Rc8 35. Be4+ $2 {Missing the chance to
finish the game quickly.} (35. Rb4+ $1 Kc6 36. Ba6 $1 Rf8 37. Rc4+ Kd5 (37...
Kd7 38. Rc7+ Ke6 39. Bc8+ $18 {[%csl Rg4]}) 38. Bb7+ Ke6 39. Bc8+ $18 {[%csl
Rg4]}) 35... Ka6 36. Bc7 $6 {Another inaccuracy.} (36. Rxc8 Bxc8 37. Bb4 Be7
38. Ke2 {with a good winning chances.}) 36... Bd7 $2 (36... Re8 $1 {would have
been far more stubborn. It's hard even to point out a clear advantage for
white, for instanse:} 37. Ra4+ (37. Bc6 $2 Re2+ 38. Kg1 Rxa2 39. b4 {[%csl Ra6]
[%cal Gb4b5]} Ra1+ 40. Kf2 Ra2+ 41. Ke1 Ra1+ $11 42. Kd2 $4 Rd1+ 43. Kc2 d3+
44. Kb3 Rb1+ 45. Ka3 Ra1+ 46. Kb3 Bd1+ $19) (37. Bd3 Bf5 $132) 37... Kb5 38.
Ra5+ Kb4 {and the matters are far from clear.}) 37. Bxd6 Rxc4 38. bxc4 {
Now white is just a pawn up.} Kb6 39. Ke2 {The rest is a matter of technique.}
Bg4+ 40. Kd3 Bh3 41. c5+ Kb5 42. c6 Bf1+ 43. Kd2 Kb6 44. c7 Ba6 45. f5 1-0